Handbook of Sociology/ (Record no. 16998)

000 -LEADER
fixed length control field 00339nam a22001451a 4500
020 ## - INTERNATIONAL STANDARD BOOK NUMBER
ISBN 9788171322008
082 ## - DEWEY DECIMAL CLASSIFICATION NUMBER
Classification number 301
Item number LEE/H
100 ## - MAIN ENTRY--AUTHOR NAME
Personal name Leena Parmar
245 ## - TITLE STATEMENT
Title Handbook of Sociology/
Statement of responsibility, etc by Leena Parmar
260 ## - PUBLICATION, DISTRIBUTION, ETC. (IMPRINT)
Place of publication Jaipur:
Name of publisher Pointer,
Year of publication 1999.
300 ## - PHYSICAL DESCRIPTION
Number of Pages 332p.
650 ## - SUBJECT ADDED ENTRY--TOPICAL TERM
Topical Term Sociology
650 ## - SUBJECT ADDED ENTRY--TOPICAL TERM
Topical Term Social Sciences
942 ## - ADDED ENTRY ELEMENTS (KOHA)
Koha item type Book
Holdings
Withdrawn status Lost status Damaged status Not for loan Permanent Location Current Location Date acquired Cost, normal purchase price Full call number Accession Number Cost, replacement price Price effective from Koha item type
        Sree Sankaracharya University of Sanskrit Sree Sankaracharya University of Sanskrit 08.01.2015 650.00 301 LEE/H 014627 0.00 08.01.2015 Book